[Event "ICS rated blitz match"]
[Site "207.99.5.190"]
[Date "1999.03.06"]
[Round "?"]
[White "claudi"]
[Black "Hossa"]
[Result "1-0"]
[WhiteElo "2283"]
[BlackElo "2407"]
[Annotator "Crafty v16.5"]
[PlyCount "65"]

{annotating for player Hossa using a scoring margin of +0.10 pawns. search
time limit is 20.00} 1. d4 1... Nf6 2. Nf3 e6 3. Bf4 Bb4+ 4. c3 Be7 5. Nbd2 Nh5
6. Be3 f5 7. g3 Na6 8. Bg2 O-O 9. Qc2 f4 10. gxf4 Nxf4 11. Bxf4 Rxf4 12. O-O-O
c5 13. e3 Rf5 14. e4 Rf7 15. d5 e5 ({9:-0.30} 15... e5 16. Bf1 Nc7 17. Bh3 d6
18. Bxc8 Qxc8 19. Rhg1 Qd7 20. c4 $10) ({9:-0.06} 15... exd5 16. exd5 d6 17.
Ne4 Bg4 18. Qd3 c4 19. Qe3 Qf8 20. Ned2 $10) 16. Nxe5 Rxf2 17. Bf1 Nc7 18. Nd3
Rf8 19. c4 Ne8 20. e5 Qa5 21. Kb1 b6 22. Bh3 Rb8 23. Ne4 Kh8 24. Rdf1 Rxf1+ 25.
Rxf1 b5 26. d6 bxc4 27. dxe7 g6 28. Qxc4 Ba6 29. Rf8+ Kg7 30. Qf7+ Kh6 31. Qf4+
Kg7 32. Rg8+ Kxg8 33. Qf8# 1-0

[Event "ICS rated blitz match"]
[Site "207.99.5.190"]
[Date "1999.03.06"]
[Round "?"]
[White "Hossa"]
[Black "DrHugoELO"]
[Result "0-1"]
[WhiteElo "2386"]
[BlackElo "2098"]
[Annotator "Crafty v16.5"]
[PlyCount "116"]

{annotating for player Hossa using a scoring margin of +0.10 pawns. search
time limit is 20.00} 1. e4 1... c5 2. Bc4 d6 3. Nf3 Nf6 4. Nc3 ({9:+0.15} 4.
Nc3 4... Nc6 5. d4 cxd4 6. Nxd4 Bg4 7. f3 Nxd4 8. Qxd4 e5 9. Bb5+ 9... Nd7 $10)
({9:+0.33} 4. e5 4... dxe5 5. Nxe5 e6 6. O-O Bd6 7. d4 cxd4 8. Qxd4 Bxe5 9.
Qxe5 9... O-O $14) 4... Nc6 5. O-O ({8:-0.42} 5. O-O 5... Bg4 6. e5 dxe5 7. d3
e6 8. Bg5 8... Bd6 $15) ({8:+0.30} 5. d4 5... Qa5 6. O-O Bg4 7. dxc5 Qxc5 8.
Bd5 Nxd5 9. exd5 9... Ne5 $10) 5... e6 6. d4 cxd4 7. Nxd4 Be7 8. Bb5 ({8:+0.29
} 8. Bb5 8... Bd7 9. Bg5 O-O 10. Nxc6 bxc6 11. Bc4 d5 12. exd5 12... cxd5 $10)
({8:+0.46} 8. Nxc6 8... bxc6 9. Qd3 O-O 10. Bg5 Qb6 11. Rab1 Qc5 12. Bf4 $14)
8... Bd7 9. Re1 e5 10. Nf5 Bxf5 11. exf5 O-O 12. Bg5 Nd4 13. Bd3 Ne8 14. Be3
Bg5 15. Bxd4 ({9:+0.31} 15. Bxd4 15... exd4 16. Nd5 Nc7 17. Qf3 Nxd5 18. Qxd5
Qb6 19. b3 Rae8 20. Rad1 $14) ({9:+0.44} 15. Nd5 15... Bxe3 16. fxe3 Nc6 17.
Qf3 Nf6 18. Rad1 Nxd5 19. Qxd5 Qc7 20. c4 $14) 15... exd4 16. Nd5 Nc7 17. Nxc7
Qxc7 18. Qg4 Bf6 19. Qe2 h6 20. Rad1 Qb6 21. Bc4 Qxb2 22. Rb1 Qc3 23. Rxb7 Rac8
24. Bb3 a5 25. Kh1 Qc6 26. Qb5 Qxb5 27. Rxb5 Rc5 28. a4 Rxb5 29. axb5 Rb8 30.
Bc4 d5 31. Bd3 a4 32. Ra1 Ra8 33. g3 Be5 34. b6 a3 35. Kg2 Bd6 36. b7 Ra7 37.
Rb1 a2 38. Ra1 Kf8 39. f4 Ke7 40. h3 Kd7 41. f6 gxf6 42. Be2 Kc7 43. Bf3 Kc6
44. f5 Kc5 45. Bh5 Kc4 46. Bf3 Ra5 47. Bh5 Kc3 48. Bxf7 Kb2 49. Rd1 a1=Q 50.
Rxa1 Rxa1 51. g4 Ra5 52. Be8 Kxc2 53. Bc6 d3 54. Kf2 d2 55. b8=Q Bxb8 56. g5
d1=Q 57. g6 Ra2 58. g7 Kd3# 0-1

[Event "ICS rated blitz match"]
[Site "207.99.5.190"]
[Date "1999.03.06"]
[Round "?"]
[White "TDChess"]
[Black "Hossa"]
[Result "1-0"]
[WhiteElo "2577"]
[BlackElo "2359"]
[Annotator "Crafty v16.5"]
[PlyCount "93"]

{annotating for player Hossa using a scoring margin of +0.10 pawns. search
time limit is 20.00} 1. d4 1... Nf6 2. Nf3 e6 3. e3 Be7 4. Bd3 O-O 5. O-O d5 6.
c4 Nc6 7. Nc3 Nb4 8. Be2 Bd7 9. c5 Nc6 ({10:-0.57} 9... Nc6 10. Ne1 Ne4 11. Qc2
f5 12. f4 g5 13. Nd3 gxf4 14. Nxe4 dxe4 15. Nxf4 $14) ({10:-0.20} 9... b6 10.
a3 Nc6 11. b4 bxc5 12. dxc5 a6 13. Bb2 Rb8 14. Qd3 14... a5 $10) 10. Qb3 Qb8 ({
10:-0.33} 10... Qb8 11. Bb5 Na5 12. Qc2 Bxb5 13. Nxb5 b6 14. c6 a6 15. Na3 Bxa3
16. bxa3 $14) ({10:-0.03} 10... b6 11. cxb6 axb6 12. Ne5 Nxe5 13. dxe5 Ne8 14.
Qc2 c5 15. f4 Qc7 16. e4 $10) 11. Bd2 Ne4 ({9:-0.37} 11... Ne4 12. Nxe4 dxe4
13. Ne1 b6 14. d5 exd5 15. Qxd5 Rd8 16. cxb6 Qxb6 17. Bc3 $14) ({9:-0.12} 11...
b6 12. cxb6 axb6 13. Ng5 Na5 14. Qc2 c5 15. Rac1 cxd4 16. exd4 16... Qd6 $10)
12. Nxe4 dxe4 13. Ne1 Nd8 ({9:-0.43} 13... Nd8 14. Qc2 f5 15. Rd1 Qc8 16. Bc3
Nc6 17. Bc4 17... Rd8 $14) ({9:-0.31} 13... b6 14. Qc2 bxc5 15. dxc5 Qb7 16.
Rd1 Rad8 17. a3 Bf6 18. b4 $14) 14. f3 exf3 15. Nxf3 Nc6 16. Rad1 Rd8 17. Be1
Bf6 18. Bg3 Qc8 19. a4 Rb8 20. Qc3 b6 21. cxb6 Rxb6 22. b3 Qb8 23. Nd2 Rf8 24.
Rc1 Be7 25. Qa1 Rd8 26. a5 Rb4 27. Bf3 Bg5 28. Qc3 e5 29. Bxc6 exd4 30. exd4
Bxc6 31. Qxc6 Bxd2 32. Bxc7 Bxc1 33. Bxb8 Be3+ 34. Kh1 Rbxb8 35. Qc4 Rb7 36. d5
Kf8 37. Qd3 Bh6 38. Qxh7 Rxd5 39. Re1 Be3 40. Qh8+ Ke7 41. Rxe3+ Kd7 42. Re1
Kc7 43. Qe8 Rd7 44. Rc1+ Kd6 45. Qe4 Rbc7 46. Rd1+ Kc5 47. Qc4# 1-0

[Event "ICS Rated blitz match"]
[Site "207.99.5.190"]
[Date "1999.03.06"]
[Round "?"]
[White "newfisher"]
[Black "Hossa"]
[Result "0-1"]
[WhiteElo "2070"]
[BlackElo "2359"]
[PlyCount "102"]

1. e4 e5 2. Nf3 Nc6 3. Bb5 a6 4. Ba4 b5 5. Bb3 Be7 6. O-O Nf6 7. Re1 O-O 8. d4
exd4 9. Nxd4 Re8 10. e5 Nxd4 11. Qxd4 Bb7 12. exf6 Bxf6 13. Rxe8+ Qxe8 14. Qd1
Qe4 15. f3 Qd4+ 16. Qxd4 Bxd4+ 17. Kf1 Be5 18. Nc3 Bxh2 19. Bd2 Re8 20. Re1
Rxe1+ 21. Kxe1 Be5 22. Kf2 Kf8 23. f4 Bd4+ 24. Be3 Bxe3+ 25. Kxe3 Bxg2 26. Nd5
Bxd5 27. Bxd5 Ke7 28. c4 b4 29. Kd4 h5 30. c5 g6 31. Ke5 f6+ 32. Ke4 g5 33.
fxg5 fxg5 34. Kf5 g4 35. Kg5 c6 36. Bc4 g3 37. Bf1 Ke6 38. Kxh5 Kd5 39. Kg4
Kxc5 40. Kxg3 a5 41. Kf2 Kd4 42. Ke2 c5 43. Kd2 c4 44. Kc2 a4 45. b3 cxb3+ 46.
axb3 a3 47. Kb1 Ke4 48. Kc2 d5 49. Bd3+ Ke3 50. Bb5 d4 51. Bd3 51... a2 {
newfisher resigns} 0-1

[Event "ICS rated blitz match"]
[Site "207.99.5.190"]
[Date "1999.03.06"]
[Round "?"]
[White "Hossa"]
[Black "newfisher"]
[Result "1/2-1/2"]
[WhiteElo "2364"]
[BlackElo "2065"]
[PlyCount "93"]

1. e4 c6 2. Nc3 d5 3. exd5 cxd5 4. Nf3 Nf6 5. Bb5+ Nc6 6. O-O e6 7. Ne5 Bd7 8.
Nxd7 Qxd7 9. Re1 Bd6 10. d4 O-O 11. Bg5 Be7 12. Qf3 a6 13. Bxc6 bxc6 14. Rab1
Rab8 15. Qg3 Kh8 16. Qe5 Qd6 17. Bxf6 gxf6 18. Qe3 f5 19. Qh6 Rg8 20. Qh5 Rg7
21. Re3 Rbg8 22. Rg3 f4 23. Rxg7 Rxg7 24. a3 Bd8 25. Kh1 Bc7 26. Rd1 Ba5 27.
Ne2 Kg8 28. Nc1 Bc7 29. Nb3 Qe7 30. Nc5 Bd6 31. Nxa6 Qb7 32. Nb4 Bxb4 33. axb4
Qxb4 34. Ra1 Rg6 35. Ra8+ Kg7 36. Qe5+ Rf6 37. Ra6 Qxb2 38. Qg5+ Rg6 39. Qe5+
Rf6 40. Qg5+ Rg6 41. Qe5+ Rf6 42. Qg5+ Rg6 43. Qe5+ Rf6 44. Qg5+ Rg6 45. Qe5+
Rf6 46. Qg5+ Rg6 47. Qe5+ {Game drawn by repetition} 1/2-1/2

[Event "ICS rated blitz match"]
[Site "207.99.5.190"]
[Date "1999.03.06"]
[Round "?"]
[White "newfisher"]
[Black "Hossa"]
[Result "1/2-1/2"]
[WhiteElo "2076"]
[BlackElo "2353"]
[PlyCount "124"]

1. e4 c5 2. Nf3 Nc6 3. d4 cxd4 4. Nxd4 Qa5+ 5. Nc3 Nf6 6. Nb3 Qe5 7. f4 Qe6 8.
e5 d6 9. Nb5 Kd8 10. N3d4 Nxd4 11. Nxd4 Qg4 12. exf6 Qxd1+ 13. Kxd1 gxf6 14.
Be3 Rg8 15. Ke2 b6 16. Kf2 Bb7 17. c4 Kc8 18. a4 a5 19. Rg1 Be4 20. Rd1 Ra7 21.
Bd3 Bxd3 22. Rxd3 Rc7 23. b3 Kb8 24. Kf3 Rc5 25. Nb5 Rc6 26. h3 Rg7 27. g4 f5
28. gxf5 Rxg1 29. Bxg1 Kb7 30. Ke4 Bg7 31. Bd4 Bf8 32. Rg3 f6 33. Rg8 Rc8 34.
Nc3 Re8 35. Nd5 Rb8 36. h4 Rc8 37. Nxb6 Rd8 38. Nd5 Rc8 39. Bb6 Ka6 40. Bd4 Kb7
41. h5 Re8 42. Rh8 h6 43. c5 Kc6 44. cxd6 exd6+ 45. Kd3 Kxd5 46. Bxf6 Rb8 47.
Kc3 Ke4 48. Kc2 Rc8+ 49. Kb2 Kxf5 50. Bc3 d5 51. Ka2 Rxc3 52. Rxf8+ Kg4 53. f5
Kxh5 54. f6 Rf3 55. Rd8 Kg4 56. Rxd5 Rf4 57. Rxa5 Rxf6 58. b4 Rf2+ 59. Kb3 Rf3+
60. Kc4 Rf4+ 61. Kc3 Rf3+ 62. Kc4 62... Rf4+ {Game drawn by mutual agreement}
1/2-1/2

[Event "ICS rated blitz match"]
[Site "207.99.5.190"]
[Date "1999.03.06"]
[Round "?"]
[White "Swingking"]
[Black "Hossa"]
[Result "0-1"]
[WhiteElo "2424"]
[BlackElo "2332"]
[PlyCount "88"]

1. d4 Nf6 2. c4 g6 3. Nc3 Bg7 4. e4 d6 5. Nge2 O-O 6. Ng3 e5 7. d5 Bg4 8. f3
Bd7 9. h4 Ne8 10. h5 g5 11. h6 Bf6 12. Be3 Na6 13. Qd2 Kh8 14. Be2 Rc8 15. Nf5
Bxf5 16. exf5 Nc5 17. Ne4 Nxe4 18. fxe4 Be7 19. O-O-O c6 20. Kb1 Nf6 21. Bd3
cxd5 22. cxd5 Ng4 23. Bg1 Rg8 24. Qe2 Nf6 25. g4 Qa5 26. Bf2 Qb4 27. Rc1 Rgd8
28. a3 Qb3 29. Bc4 Qa4 30. Bd3 b5 31. Rc6 b4 32. Rhc1 Rxc6 33. dxc6 bxa3 34. c7
Rc8 35. Ba6 axb2 36. Kxb2 Qb4+ 37. Ka1 Rxc7 38. Rxc7 Qa5+ 39. Kb2 Qxc7 40. Qb5
Bf8 41. Qb3 Nxe4 42. Bc4 Nxf2 43. Bxf7 Nxg4 44. Bd5 44... Qb6 {
Swingking resigns} 0-1

[Event "ICS Rated bullet match"]
[Site "207.99.5.190"]
[Date "1999.03.06"]
[Round "?"]
[White "Hossa"]
[Black "mn3"]
[Result "1-0"]
[WhiteElo "2329"]
[BlackElo "2196"]
[PlyCount "59"]

1. e4 c5 2. Bc4 Nc6 3. Nc3 e6 4. Nf3 Nge7 5. O-O g6 6. d4 Bg7 7. dxc5 O-O 8.
Bd2 a6 9. Qc1 Re8 10. Na4 d5 11. cxd6 Qxd6 12. Nb6 Rb8 13. Bh6 Bh8 14. c3 Qc5
15. Be3 Qh5 16. Rd1 Ne5 17. Nxe5 Bxe5 18. Bf4 Nc6 19. Bxe5 Nxe5 20. Qf4 Nc6 21.
b3 Rf8 22. Qf6 Qc5 23. Na4 Qh5 24. Rd6 b5 25. Rxc6 bxa4 26. b4 Bb7 27. Rxe6
Rbc8 28. Re5 Qg4 29. f3 Qd7 30. Re7 {mn3 resigns} 1-0

[Event "ICS rated blitz match"]
[Site "207.99.5.190"]
[Date "1999.03.06"]
[Round "?"]
[White "BigBroom"]
[Black "Hossa"]
[Result "0-1"]
[WhiteElo "2194"]
[BlackElo "2358"]
[PlyCount "60"]

1. d4 Nf6 2. Nc3 d5 3. Bg5 e6 4. e4 dxe4 5. Nxe4 Nbd7 6. Bxf6 Nxf6 7. Nxf6+
Qxf6 8. Nf3 Bd7 9. Qd2 Bd6 10. Bd3 Bc6 11. Qe2 Bxf3 12. Qxf3 Qxf3 13. gxf3
O-O-O 14. c3 Kd7 15. Ke2 h5 16. h3 a5 17. b3 h4 18. a3 g5 19. b4 axb4 20. axb4
Rhf8 21. Ra7 b6 22. Bb5+ Ke7 23. Bc6 Kf6 24. Kd3 Rb8 25. Kc4 Rfd8 26. Rg1 Bh2
27. Rg4 Bf4 28. Ra2 Ke7 29. Re2 Kd6 30. Kd3 30... Kxc6 {BigBroom resigns} 0-1

[Event "ICS rated blitz match"]
[Site "207.99.5.190"]
[Date "1999.03.06"]
[Round "?"]
[White "Hossa"]
[Black "Speedy"]
[Result "1/2-1/2"]
[WhiteElo "2381"]
[BlackElo "2306"]
[PlyCount "121"]

1. e4 c5 2. Bc4 a6 3. Nc3 b5 4. Bxf7+ Kxf7 5. Qh5+ g6 6. Qd5+ e6 7. Qxa8 Nc6 8.
Nd1 Nf6 9. d3 Qc7 10. Bf4 e5 11. Bg5 Bb7 12. Bxf6 Bxa8 13. Bxh8 Be7 14. f4 d6
15. fxe5 dxe5 16. Nf3 Kg8 17. Bxe5 Nxe5 18. O-O Bd6 19. h3 Nxf3+ 20. Rxf3 Be5
21. a4 b4 22. Rb1 Bc6 23. b3 Qe7 24. Ne3 Bd4 25. Kh1 Qg5 26. Nc4 Bd7 27. Rbf1
Be6 28. Rf8+ Kg7 29. Nd6 Qd2 30. Ne8+ Kh6 31. Nc7 Bd7 32. Rd8 Bc6 33. Nxa6 Qxc2
34. Nxb4 cxb4 35. Rxd4 Qxb3 36. a5 Qc3 37. Rd8 b3 38. a6 b2 39. Rg1 Qc1 40. Rb8
Qc3 41. Rd8 Qa3 42. Kh2 Qxa6 43. Rb8 Qxd3 44. Rxb2 Qxe4 45. g3 g5 46. Rgg2 g4
47. h4 Kg6 48. Rbe2 Qd5 49. Rg1 h5 50. Rgg2 Qf3 51. Ref2 Qd5 52. Re2 Qxg2+ 53.
Rxg2 Bxg2 54. Kxg2 Kf5 55. Kf2 Ke4 56. Ke2 Kd4 57. Kd2 Ke4 58. Ke2 Kd4 59. Kd2
Ke4 60. Ke2 Kd4 61. Kd2 {Game drawn by repetition} 1/2-1/2

[Event "ICS rated blitz match"]
[Site "207.99.5.190"]
[Date "1999.03.06"]
[Round "?"]
[White "Hossa"]
[Black "Speedy"]
[Result "1-0"]
[WhiteElo "2378"]
[BlackElo "2309"]
[PlyCount "161"]

1. e4 c5 2. Bc4 a6 3. Nc3 b5 4. Bxf7+ Kxf7 5. Qh5+ g6 6. Qd5+ e6 7. Qxa8 Nc6 8.
Nd1 Qc7 9. d4 Bb7 10. Bf4 Qb6 11. dxc5 Bxc5 12. Qxb7 Qxb7 13. Nf3 Nf6 14. Nc3
Bb4 15. Ng5+ Kg7 16. Bd2 h6 17. Nf3 Rc8 18. Rd1 g5 19. O-O Kf7 20. e5 Bxc3 21.
Bxc3 Nd5 22. Bd2 Ncb4 23. Bxb4 Nxb4 24. c3 Nd5 25. Rd4 Rc4 26. Rfd1 Rxd4 27.
Rxd4 Qb6 28. h4 Kg6 29. hxg5 hxg5 30. Rg4 Qc7 31. g3 Qa5 32. a3 Qc7 33. Rxg5+
Kh6 34. Rg4 Nb6 35. Rh4+ Kg7 36. Rg4+ Kf7 37. Rf4+ Ke7 38. Nh4 Qc5 39. Ng6+ Kd8
40. Rh4 Na4 41. b3 Nxc3 42. b4 Qd5 43. Rh8+ Kc7 44. Rc8+ Kb7 45. Rxc3 Qd1+ 46.
Kg2 Qd5+ 47. Rf3 Qe4 48. Nh4 Kc6 49. Kg1 Qxe5 50. Re3 Qa1+ 51. Kg2 Kd6 52. Ng6
Qf6 53. Nf4 Qf5 54. Nd3 Ke7 55. Kh2 d6 56. Kg2 Kf7 57. Rf3 Qxf3+ 58. Kxf3 Kf6
59. Kg4 d5 60. Kh5 e5 61. Nc5 e4 62. Nxa6 Ke5 63. Nc7 d4 64. Nxb5 d3 65. Nc3
Kd4 66. Nd1 Kc4 67. Kg5 Kb3 68. b5 Kc2 69. b6 Kd2 70. f3 Kxd1 71. b7 Ke2 72.
b8=Q d2 73. Qb3 e3 74. Qc4+ Ke1 75. Qc3 e2 76. f4 Kd1 77. Qb3+ Kc1 78. Qc4+ Kd1
79. Qa4+ Ke1 80. Qb4 Kd1 81. Qb1# {Speedy checkmated} 1-0

[Event "ICS rated blitz match"]
[Site "207.99.5.190"]
[Date "1999.03.06"]
[Round "?"]
[White "LaDame"]
[Black "Hossa"]
[Result "0-1"]
[WhiteElo "2418"]
[BlackElo "2391"]
[PlyCount "116"]

1. e4 c5 2. c3 e5 3. Nf3 Qe7 4. d3 Nf6 5. Be2 g6 6. O-O Bg7 7. Bg5 O-O 8. Nbd2
Nc6 9. Kh1 d6 10. Nc4 Be6 11. Nfd2 d5 12. exd5 Bxd5 13. Ne3 Rad8 14. Nxd5 Rxd5
15. Ne4 Nb8 16. Qb3 Rfd8 17. Qa3 Na6 18. c4 Rd4 19. f4 exf4 20. Rxf4 Qe5 21.
Rxf6 Rxe4 22. Rf3 Rg4 23. Be3 f5 24. Rh3 Rh4 25. Rxh4 Qxe3 26. Bf3 Qf2 27. Rf4
Qd2 28. Rf1 Bxb2 29. Qb3 Be5 30. Rh4 b6 31. Qa4 Nc7 32. Rd1 Qf2 33. Rh3 a6 34.
Qc6 b5 35. Bd5+ Kg7 36. a3 Bd6 37. Rg1 Qa2 38. Rf1 Kh8 39. Bf7 Kg7 40. cxb5
Qxf7 41. bxa6 Qe8 42. Qb7 Rb8 43. Qf3 Nxa6 44. Qd1 Rb2 45. a4 Ra2 46. Qc1 f4
47. a5 Qe5 48. Rhf3 Qd4 49. Qe1 Nb4 50. Qe6 h5 51. Qd7+ Kh6 52. Qb5 Rd2 53. a6
Ra2 54. g3 fxg3 55. hxg3 Bxg3 56. R3f2 Rxf2 57. Rxf2 Qxf2 58. a7 58... Qh2# {
LaDame checkmated} 0-1

[Event "ICS rated blitz match"]
[Site "207.99.5.190"]
[Date "1999.03.06"]
[Round "?"]
[White "Hossa"]
[Black "Speedy"]
[Result "0-1"]
[WhiteElo "2408"]
[BlackElo "2296"]
[Annotator "Crafty v16.5"]
[PlyCount "116"]

{annotating for player Hossa using a scoring margin of +0.10 pawns. search
time limit is 20.00} 1. e4 1... c5 2. Bc4 a6 3. Nc3 b5 4. Bxf7+ Kxf7 5. Qh5+ g6
6. Qd5+ e6 7. Qxa8 Nc6 8. Nd1 ({9:-1.55} 8. Nd1 8... Qc7 9. d4 Bb7 10. Bf4 Qb6
11. dxc5 Bxc5 12. Bc7 12... Qxc7 $19) ({9:+2.50} 8. Nf3 8... Nb4 9. Ne5+ Kg7
10. O-O Nxc2 11. Rb1 Nf6 12. f4 12... Bd6 $18) 8... Qc7 9. d4 Bb7 10. Bf4 Qb6
11. dxc5 ({8:-3.32} 11. dxc5 11... Bxc5 12. Qxb7 Qxb7 13. Nf3 Nb4 14. Ng5+ Ke7
15. O-O 15... Nxc2 $19) ({8:-2.68} 11. Qxf8+ 11... Kxf8 12. Bd6+ Kf7 13. Bxc5
Qa5+ 14. c3 d6 15. Bxd6 Nxd4 16. Kf1 16... Qd8 $19) 11... Bxc5 12. Qxb7 Qxb7
13. Nf3 Nd4 14. Ng5+ ({9:-3.61} 14. Ng5+ 14... Ke7 15. Ne3 h6 16. c3 hxg5 17.
Bxg5+ Kd6 18. cxd4 Bb4+ 19. Kd1 19... Qxe4 $19) ({9:-3.17} 14. Nxd4 14... Bxd4
15. f3 Nf6 16. c3 Bc5 17. Be3 Qb6 18. Bxc5 Qxc5 19. Nf2 $19) 14... Ke7 15. Ne3
Nf6 16. c3 Nc6 17. Nc2 Nh5 18. Be3 Bxe3 19. Nxe3 Ne5 20. Rd1 h6 21. Nh3 Qxe4
22. O-O Nf4 23. Nxf4 Qxf4 24. Rd4 Qf6 25. Rfd1 Rd8 26. Rd6 Nc6 27. Nd5+ exd5
28. Rxf6 Kxf6 29. Rxd5 Ke6 30. Rd2 d5 31. f4 Kd6 32. Kf2 Re8 33. Kg3 Re4 34. a3
Ke6 35. h4 h5 36. Kf3 Ne7 37. g3 Nf5 38. Rd3 Kd6 39. Kf2 Kc5 40. b3 a5 41. Kf3
a4 42. b4+ Kc4 43. Rd1 Re3+ 44. Kf2 Rxc3 45. g4 hxg4 46. h5 g3+ 47. Kg1 gxh5
48. Ra1 h4 49. Kg2 d4 50. Kh3 d3 51. Ra2 Ne3 52. Ra1 d2 53. Kxh4 Rc1 54. Ra2
d1=Q 55. Kxg3 Qg4+ 56. Kf2 Rf1+ 57. Kxe3 Qxf4+ 58. Ke2 Qf2# 0-1

[Event "ICS rated blitz match"]
[Site "207.99.5.190"]
[Date "1999.03.06"]
[Round "?"]
[White "TDChess"]
[Black "Hossa"]
[Result "1-0"]
[WhiteElo "2581"]
[BlackElo "2387"]
[Annotator "Crafty v16.5"]
[PlyCount "155"]

{annotating for player Hossa using a scoring margin of +0.10 pawns. search
time limit is 20.00} 1. d4 1... Nf6 2. Nf3 e6 3. e3 Be7 4. Bd3 O-O 5. O-O d5 6.
c4 Nc6 7. c5 b6 8. cxb6 axb6 9. Nc3 Nb4 10. Bb5 c6 11. Be2 Bd6 12. a3 Ne4 ({
8:-0.38} 12... Ne4 13. Nd2 Nxd2 14. Bxd2 Na6 15. f4 c5 16. Qa4 cxd4 17. Qxd4
$14) ({8:-0.12} 12... Na6 13. Bd2 Bb7 14. Rc1 c5 15. Ne5 cxd4 16. exd4 Bxe5 17.
dxe5 $10) 13. Qb3 Nxc3 14. Qxc3 c5 ({9:-0.36} 14... c5 15. dxc5 bxc5 16. Re1
Bb7 17. b3 Nc6 18. Bb2 f6 19. Bd3 $14) ({9:-0.12} 14... Qc7 15. Bd2 Ba6 16.
Rae1 Bxe2 17. Rxe2 Na6 18. Rc1 c5 19. Qd3 $10) 15. dxc5 bxc5 16. b3 Nc6 17. Bb2
e5 18. Rad1 Be6 19. b4 c4 20. b5 Na7 21. a4 f6 22. Rb1 Nc8 23. Ra1 Qa5 24. Qc2
Nb6 25. Rfb1 Nxa4 26. Bd1 e4 27. Rxa4 Qxa4 28. Qxa4 Rxa4 29. Bxa4 exf3 30. gxf3
Ra8 31. Bc2 Ra2 32. b6 c3 33. Bxh7+ Kxh7 34. Bxc3 Bh3 35. b7 Bb8 36. f4 Rc2 37.
Ba5 g6 38. Bd8 Kg7 39. Bb6 Bf5 40. Bd4 Be4 41. h4 Rc6 42. Rb3 Rc1+ 43. Kh2 Rh1+
44. Kg3 Rg1+ 45. Kh3 Bf5+ 46. Kh2 Rb1 47. Bb2 Be4 48. f3 Bd3 49. Rb6 Kh6 50.
Kg2 Kh5 51. Kh2 g5 52. hxg5 fxg5 53. Kg3 gxf4+ 54. exf4 Rg1+ 55. Kh2 Rg5 56.
Be5 Rg8 57. Rc6 Bxe5 58. fxe5 Bf5 59. e6 Rb8 60. e7 Bg6 61. Rb6 Be8 62. Kg2 Kg5
63. Kf1 Bf7 64. Ke2 Kf5 65. Ke3 Ke5 66. f4+ Kf5 67. Kd4 Be8 68. Kxd5 Kg4 69.
Kd6 Kxf4 70. Kc7 Rxb7+ 71. Rxb7 Bf7 72. Kd8 Bd5 73. e8=Q Be4 74. Rb4 Kf5 75.
Qxe4+ Kg5 76. Qh7 Kf6 77. Rb5 Ke6 78. Qg6# 1-0

[Event "ICS rated blitz match"]
[Site "207.99.5.190"]
[Date "1999.03.06"]
[Round "?"]
[White "Hossa"]
[Black "Speedy"]
[Result "1-0"]
[WhiteElo "2379"]
[BlackElo "2328"]
[PlyCount "22"]

1. e4 c5 2. Bc4 a6 3. Nc3 b5 4. Bxf7+ Kxf7 5. Qh5+ g6 6. Qd5+ e6 7. Qxa8 Nc6 8.
Nf3 Qc7 9. d3 Bb7 10. Bf4 d6 11. Ng5+ 11... Kg7 {Speedy resigns} 1-0

[Event "ICS rated blitz match"]
[Site "207.99.5.190"]
[Date "1999.03.06"]
[Round "?"]
[White "bookbuilder"]
[Black "Hossa"]
[Result "1-0"]
[WhiteElo "2607"]
[BlackElo "2393"]
[Annotator "Crafty v16.5"]
[PlyCount "121"]

{annotating for player Hossa using a scoring margin of +0.10 pawns. search
time limit is 20.00} 1. e4 1... c5 2. Nc3 Nc6 3. Nf3 Nf6 4. Bb5 Nd4 5. Bc4 d6
6. Nxd4 cxd4 7. Ne2 Nxe4 8. Nxd4 e5 9. Nf3 Be7 10. Qe2 Nf6 11. O-O O-O 12. d3
Bg4 13. Qe3 Rc8 ({9:-0.20} 13... Rc8 14. Qxa7 Bxf3 15. gxf3 d5 16. Bb3 Qc7 17.
Be3 d4 18. Bg5 $10) ({9:+0.14} 13... Qc7 14. Re1 Qc6 15. Nd2 b5 16. Bb3 Rfc8
17. f3 17... Bf5 $10) 14. Qxa7 Bxf3 15. gxf3 Rc7 ({10:-0.34} 15... Rc7 16. Qe3
Qd7 17. Bb3 Nh5 18. Qe4 Nf6 19. Qe2 Qf5 20. Be3 $14) ({10:-0.19} 15... d5 16.
Bb3 Qc7 17. Qa4 Ra8 18. Qh4 Rfc8 19. Bg5 Qc5 20. Rae1 $10) 16. Bb3 Qd7 17. Re1
Qf5 18. Qe3 Qh5 19. Bd2 Kh8 20. Kg2 Qg6+ 21. Qg5 Qxg5+ 22. Bxg5 Nh5 23. Be3 Bf6
24. c3 Rg8 25. Kh3 Bd8 26. Rad1 Re8 27. f4 Bf6 28. fxe5 Bxe5 29. d4 Bf4 30. Kg4
Bxe3 31. Kxh5 Rce7 32. Rxe3 Rxe3 33. fxe3 Rxe3 34. Bxf7 Rh3+ 35. Kg4 Rxh2 36.
Re1 g6 37. b4 Rg2+ 38. Kh4 Rh2+ 39. Kg3 Rc2 40. Bd5 Rxc3+ 41. Kf4 b5 42. Re8+
Kg7 43. Rb8 h5 44. Rxb5 Ra3 45. Rb6 Ra4 46. Kg5 Ra3 47. Bb3 Ra7 48. Rxd6 Kh7
49. Rf6 Rg7 50. a4 h4 51. Rf4 Rb7 52. Rf7+ Rxf7 53. Bxf7 h3 54. Bxg6+ Kh8 55.
a5 Kg7 56. a6 h2 57. Be4 h1=R 58. Bxh1 Kh7 59. a7 Kh8 60. Kg6 Kg8 61. a8=Q# 1-0

[Event "ICS Rated blitz match"]
[Site "207.99.5.190"]
[Date "1999.03.06"]
[Round "?"]
[White "KeithTalent"]
[Black "Hossa"]
[Result "0-1"]
[WhiteElo "2274"]
[BlackElo "2394"]
[PlyCount "70"]

1. e4 c5 2. Nf3 Nc6 3. Bb5 Qb6 4. Nc3 Nd4 5. Nd5 Qa5 6. Nxd4 cxd4 7. b4 Qd8 8.
O-O e6 9. Nf4 Qg5 10. d3 Qxb5 11. a4 Qxb4 12. Ba3 Qa5 13. Bxf8 Kxf8 14. Re1 Qe5
15. Nh5 Ne7 16. f4 Qc5 17. e5 Nd5 18. Qg4 Rg8 19. Qh4 Qa5 20. Rab1 Nc3 21. Rb4
g5 22. fxg5 Qxb4 23. g6 Qe7 24. Nf6 Rxg6 25. Qxh7 Qd8 26. Rf1 b6 27. Nh5 Rxg2+
28. Kxg2 Qg5+ 29. Ng3 Bb7+ 30. Kh3 Qg7 31. Qh4 Qxe5 32. Qh6+ Ke8 33. Qh7 f5 34.
Qg8+ Ke7 35. Qh7+ 35... Kd6 {KeithTalent resigns} 0-1

[Event "ICS rated blitz match"]
[Site "207.99.5.190"]
[Date "1999.03.06"]
[Round "?"]
[White "TDChess"]
[Black "Hossa"]
[Result "1-0"]
[WhiteElo "2567"]
[BlackElo "2415"]
[Annotator "Crafty v16.5"]
[PlyCount "171"]

{annotating for player Hossa using a scoring margin of +0.10 pawns. search
time limit is 20.00} 1. d4 1... Nf6 2. Nf3 e6 3. e3 Be7 4. Bd3 O-O 5. O-O d5 6.
c4 Nc6 7. Bd2 Bd7 8. Qb3 dxc4 9. Bxc4 Ne4 10. Be1 Nd6 11. Be2 Qe8 ({9:-0.45} 
11... Qe8 12. Ne5 Rb8 13. Nxd7 Qxd7 14. f4 g5 15. d5 exd5 16. Qxd5 16... Bf6
$14) ({9:-0.03} 11... Bf6 12. Nc3 a5 13. Nb5 a4 14. Qc2 Nxb5 15. Bxb5 a3 16. b4
$10) 12. Ne5 Nxe5 ({8:-0.83} 12... Nxe5 13. dxe5 Nf5 14. Qxb7 Rb8 15. Qxc7 Rxb2
16. Nc3 16... Bb4 $16) ({8:-0.43} 12... Rb8 13. Nxd7 Qxd7 14. Qc3 Rfd8 15. f4
g5 16. Nd2 gxf4 17. Rxf4 $14) 13. dxe5 Nf5 14. Qxb7 Rb8 ({9:-1.19} 14... Rb8
15. Qxc7 Rxb2 16. Nc3 Bb4 17. Nd1 Bd6 18. exd6 18... Rxe2 $16) ({9:-1.07} 14...
Bc6 15. Qa6 Rb8 16. Bc3 Nh4 17. f3 Bc5 18. Qd3 18... Rd8 $16) 15. Qxc7 Rxb2 16.
Nc3 Bb4 17. Bd3 Ba4 18. e4 Ne7 19. a3 Bxc3 20. Bxc3 Rb8 21. Qxa7 Rd8 22. Qe3
Bb5 23. Bxb5 Qxb5 24. Bb4 Rfe8 25. Bd6 Ng6 26. Rab1 Qa6 27. Rfc1 Rc8 28. Rd1
Red8 29. Rb6 Qa5 30. Rdb1 Qa7 31. Kf1 Qa5 32. R1b4 Nxe5 33. R4b5 Qa4 34. Rxe5
Qd1+ 35. Qe1 Rxd6 36. Rb1 Qxe1+ 37. Kxe1 f6 38. Reb5 Rc4 39. R5b4 Rc2 40. Rb8+
Kf7 41. R1b2 Rdd2 42. Rxc2 Rxc2 43. h4 Kg6 44. Rb4 e5 45. a4 Kh5 46. g3 Kg4 47.
a5 Kf3 48. Rb3+ Kxe4 49. Ra3 Rb2 50. a6 Rb8 51. a7 Ra8 52. Ke2 h5 53. Kd1 Kd5
54. Kd2 Kc6 55. Rf3 Kb7 56. Rf5 Rh8 57. f4 exf4 58. gxf4 Kxa7 59. Rd5 Kb6 60.
Rd7 Rh7 61. f5 Kc6 62. Rd8 Kc7 63. Ra8 Kd6 64. Ke3 Kc5 65. Rc8+ Kd5 66. Re8 Rh6
67. Ra8 Rh7 68. Re8 Kc4 69. Rb8 Kc3 70. Rc8+ Kb4 71. Kd4 Kb5 72. Kd5 Kb6 73.
Ke6 Ka7 74. Kf7 Kb6 75. Kg6 Rh6+ 76. Kxg7 Rh7+ 77. Kxh7 Kb5 78. Kg6 Kb4 79.
Kxf6 Kb5 80. Kg5 Kb6 81. f6 Kb7 82. Rc1 Kb6 83. f7 Kb5 84. f8=Q Kb6 85. Qb8+
Ka6 86. Ra1# 1-0

[Event "ICS rated blitz match"]
[Site "207.99.5.190"]
[Date "1999.03.06"]
[Round "?"]
[White "Hossa"]
[Black "blunite"]
[Result "1-0"]
[WhiteElo "2406"]
[BlackElo "2225"]
[PlyCount "55"]

1. e4 e5 2. Nf3 Nc6 3. Bb5 a6 4. Ba4 Nf6 5. O-O b5 6. Bb3 Be7 7. Bd5 O-O 8. Re1
Rb8 9. Bxc6 dxc6 10. Nxe5 Rb6 11. a4 Re8 12. a5 Rb7 13. Nxc6 Qd7 14. Nxe7+ Rxe7
15. d3 Qd4 16. Nc3 Ng4 17. Qf3 c6 18. Be3 Qd6 19. Bf4 Qg6 20. Qg3 Qh5 21. e5
Bf5 22. f3 Nh6 23. Qg5 Qxg5 24. Bxg5 Re6 25. g4 Bg6 26. b4 f5 27. exf6 Rxe1+
28. Rxe1 {blunite resigns} 1-0